00336nam a2200133Ia 4500008004100000020001500041041001200056082001600068100001700084245005200101260002500153300000800178650001600186221030s9999 xx 000 0 und d a812031798X aEnglish a105.23bHon aJ. Honeycutt 0aIntroducing Microsoft Windows 2000 Professional bPHIaNew Delhic2001 a424 aBE Computer